| 000 | 02457cam a2200445 i 4500 | ||
|---|---|---|---|
| 001 | 768168573 | ||
| 003 | OCoLC | ||
| 005 | 20240626163357.0 | ||
| 008 | 111207s2012 nyu 000 1 eng d | ||
| 020 |
_a9780425248607 _q(paperback) |
||
| 020 |
_a0425248607 _q(paperback) |
||
| 035 | _a(OCoLC)768168573 | ||
| 040 |
_aBTCTA _beng _erda _cBTCTA _dYDXCP _dBDX _dSO$ _dJBO _dIAD _dCPA _dJN5 _dOCLCA _dOCLCQ _dOCLCO _dOCLCF _dOCLCO _dTnLvILS |
||
| 043 | _an-us--- | ||
| 050 | 1 | 4 |
_aPS3553.L245 _bL63 2012b |
| 082 | 0 | 4 |
_a813/.54 _223 |
| 099 | _aFiction | ||
| 100 | 1 |
_aClancy, Tom, _d1947-2013. _0https://id.loc.gov/authorities/names/n84030721. |
|
| 245 | 1 | 0 |
_aLocked on / _cTom Clancy ; with Mark Greaney. |
| 250 | _aBerkley mass-market edition. | ||
| 260 |
_aNew York : _bBerkley Books, _c2012. |
||
| 264 | 1 |
_aNew York : _bBerkley Books, _c2012. |
|
| 300 |
_a584 pages ; _c17 cm. |
||
| 336 |
_atext _btxt _2rdacontent. |
||
| 337 |
_aunmediated _bn _2rdamedia. |
||
| 338 |
_avolume _bnc _2rdacarrier. |
||
| 520 | _aComing out of retirement to run for president, Jack Ryan finds himself in the middle of a high-stakes attack from his opponent as his close comrade, John Clark, is the subject of treacherous charges, at the same time Jack Ryan, Jr. and other members of Campus struggle to stop terrorists. | ||
| 600 | 1 | 0 |
_aRyan, Jack, _cSr. (Fictitious character) _0https://id.loc.gov/authorities/names/nb2016010112 _vFiction. _0https://id.loc.gov/authorities/subjects/sh99001562. |
| 650 | 0 |
_aTerrorism _xPrevention _vFiction. _0https://id.loc.gov/authorities/subjects/sh2008112796. |
|
| 650 | 0 |
_aTerrorists _vFiction. _0https://id.loc.gov/authorities/subjects/sh2008112797. |
|
| 650 | 0 |
_aPresidential candidates _zUnited States _0https://id.loc.gov/authorities/subjects/sh2018003214 _vFiction. _0https://id.loc.gov/authorities/subjects/sh99001562. |
|
| 650 | 0 |
_aIntelligence officers _vFiction. _0https://id.loc.gov/authorities/subjects/sh2008104241. |
|
| 655 | 7 |
_aPolitical fiction. _2lcgft _0https://id.loc.gov/authorities/genreForms/gf2014026482. |
|
| 655 | 7 |
_aAction and adventure fiction. _2lcgft _0https://id.loc.gov/authorities/genreForms/gf2014026217. |
|
| 655 | 7 |
_aThrillers (Fiction) _2lcgft _0https://id.loc.gov/authorities/genreForms/gf2014026571. |
|
| 655 | 7 |
_aFiction. _2fast _0(OCoLC)fst01423787. |
|
| 655 | 7 |
_aPolitical fiction. _2fast _0(OCoLC)fst01726702. |
|
| 700 | 1 |
_aGreaney, Mark. _0https://id.loc.gov/authorities/names/no2009162593. |
|
| 942 |
_cBK _2ddc |
||
| 999 |
_c29890 _d29888 |
||